00526nam a22001697a 450000500170000001000150001702000270003203500140005903700130007308200120008624500900009826000450018827000630023330000200029650000230031670000170033920180419164330.0 aENG-122647 c1495.00a9780199478774 aEN-106179 bDBAD/PUB a400.954 aA multilingual nation translation and language dynamic in india /ced.by Rita Kothari c2018aNew DelhibOxford University Press a2/1 Ground Floor,Ansari Road Daryaganj,bNew Delhie110002 c22cm(Hb)a365P. aIt includes index  aKothari,Rita